00843nam a2200241 a 450000100060000000300080000600500170001400800410003102000150007203500190008704000340010604100080014008200240014810000600017224500850023226000530031730000210037050000190039165000290041094200120043999900170045195201330046852601BD-RjUL20211209075831.0160922r19701966enka b 000 0 eng  a0043300480 a(BD-RjUL)52721 dUPvMRCaBD-RjULbengcBD-RjUL aeng a338.9223bLED 19701 aLewis, W. Arthurq(William Arthur),d1915-1991.915731910aDevelopment planning :bthe essentials of economic policy /cby W. Arthur Lewis. aLondon :bAllen & Unwin,c1966 [impression 1970] a278 p. ;c23 cm. aIncludes Index 0aEconomic policy.9157320 2ddccBK c52601d52601 00102ddc40708NFICaRUCLbRUCLcStackd1973-02-07eBritain, giftl0o338.9 LED 1970r2016-09-22 00:00:00tC-2w2016-09-22yBK